| 000 | 00637nam a2200229 i 4500 | ||
|---|---|---|---|
| 001 | 7070 | ||
| 003 | ES-MaACL | ||
| 005 | 20250902065530.0 | ||
| 007 | t| | ||
| 008 | 900816s1989 sp ||||1| spa d | ||
| 020 | _a84-87189-32-6 | ||
| 080 | _a658.312.42 | ||
| 080 | _a301.151 | ||
| 100 | 1 |
_aKotter, John P. _968659 |
|
| 245 | 1 | 3 |
_aEl Factor liderazgo / _cJohn P. Kotter. |
| 260 |
_aMadrid : _bDiaz de Santos, _cD.L. 1989. |
||
| 300 |
_aXIV, 164 p. ; _c24 cm. |
||
| 650 | 1 | 7 |
_aLiderazgo _2embne _914457 |
| 650 | 1 | 7 |
_aLiderazgo _2embne _914457 |
| 852 |
_aES-MaACL _jL-14241 _bR.118198 _z. - rust. |
||
| 999 |
_c7070 _d7070 |
||